Os 10 jogadores com mais jogos pelo Fluminense - Statistics

Estatísticas Gerais
  • Esse quiz foi jogado 190 vezes
  • A pontuação média é 4 de 10
Estatísticas das Respostas
Hint Resposta % Correto
698 Castilho
81%
414 Gum
68%
402 Waldo
59%
412 Assis
58%
559 Telê
34%
603 Pinheiro
21%
490 Escurinho
14%
551 Altair
13%
433 Denilson
9%
465 Rubens Galaxe
9%
Nenhum quiz correspondente encontrado
Distribuição das Pontuações
Porcentagem de Pessoas com Cada Pontuação
Percentil de Números Respondidos
Sua Pontuação Histórica
Você não jogou esse quiz